000 00292nam a22001337a 4500
008 171023b xxu||||| |||| 00| 0 eng d
020 _a0471221708
041 _aeng
080 _a311
100 _a55
101 _aSTA
245 _aAPPLIED REGRESSION ANALYSIS
_cDRAPER,N
942 _2udc
_cBK
999 _c35575
_d35575